<?xml version="1.0" encoding="UTF-8"?>
<record
    xmlns:xsi="http://www.w3.org/2001/XMLSchema-instance"
    xsi:schemaLocation="http://www.loc.gov/MARC21/slim http://www.loc.gov/standards/marcxml/schema/MARC21slim.xsd"
    xmlns="http://www.loc.gov/MARC21/slim">

  <leader>01481nam a2200253 a 4500</leader>
  <controlfield tag="001">55668</controlfield>
  <controlfield tag="003">BD-RjUL</controlfield>
  <controlfield tag="005">20211209080311.0</controlfield>
  <controlfield tag="008">161121s1968    pk a|||| |||| 00| 0 ben d</controlfield>
  <datafield tag="035" ind1=" " ind2=" ">
    <subfield code="a">(BD-RjUL)55792</subfield>
  </datafield>
  <datafield tag="040" ind1=" " ind2=" ">
    <subfield code="a">BD-RjUL</subfield>
    <subfield code="b">ben/eng</subfield>
    <subfield code="c">BD-RjUL</subfield>
  </datafield>
  <datafield tag="041" ind1=" " ind2=" ">
    <subfield code="a">ben </subfield>
  </datafield>
  <datafield tag="082" ind1=" " ind2=" ">
    <subfield code="2">23 </subfield>
    <subfield code="a">923.1549 </subfield>
    <subfield code="b">KHP 1968 </subfield>
  </datafield>
  <datafield tag="100" ind1="1" ind2=" ">
    <subfield code="a"> &#x996;&#x9BE;&#x9A8;, &#x9AE;&#x9C1;&#x9B9;&#x9AE;&#x9CD;&#x9AE;&#x9A6; &#x986;&#x987;&#x9AF;&#x9BC;&#x9C1;&#x9AC;</subfield>
    <subfield code="9">165815</subfield>
  </datafield>
  <datafield tag="245" ind1="1" ind2="0">
    <subfield code="a">&#x9AA;&#x9CD;&#x9B0;&#x9AD;&#x9C1; &#x9A8;&#x9AF;&#x9BC; &#x9AC;&#x9A8;&#x9CD;&#x9A7;&#x9C1; :</subfield>
    <subfield code="b">&#x98F;&#x995;&#x99F;&#x9BF; &#x9B0;&#x9BE;&#x99C;&#x9A8;&#x9C8;&#x9A4;&#x9BF;&#x995; &#x986;&#x9A4;&#x9CD;&#x9A8;&#x99C;&#x9C0;&#x9AC;&#x9A8;&#x9C0; / </subfield>
    <subfield code="c">&#x9AE;&#x9C1;&#x9B9;&#x9AE;&#x9CD;&#x9AE;&#x9A6; &#x986;&#x987;&#x9AF;&#x9BC;&#x9C1;&#x9AC; &#x996;&#x9BE;&#x9A8; ; &#x985;&#x9A8;&#x9C1;&#x9AC;&#x9BE;&#x9A6; &#x9A4;&#x9A4;&#x9CD;&#x9A4;&#x9CD;&#x9AC;&#x9BE;&#x9AC;&#x9A7;&#x9BE;&#x9A8;: &#x9B8;&#x9C8;&#x9AF;&#x9BC;&#x9A6; &#x986;&#x9B2;&#x9C0; &#x986;&#x9B9;&#x9B8;&#x9BE;&#x9A8;</subfield>
  </datafield>
  <datafield tag="260" ind1=" " ind2=" ">
    <subfield code="a">&#x995;&#x9B0;&#x9BE;&#x99A;&#x9C0; ;</subfield>
    <subfield code="a"> &#x9A2;&#x9BE;&#x995;&#x9BE; :</subfield>
    <subfield code="b">&#x985;&#x995;&#x9CD;&#x9B8;&#x9AB;&#x9CB;&#x9B0;&#x9CD;&#x9A1; &#x987;&#x989;&#x9A8;&#x9BF;&#x9AD;&#x9BE;&#x9B0;&#x9CD;&#x9B8;&#x9BF;&#x99F;&#x9BF; &#x9AA;&#x9CD;&#x9B0;&#x9C7;&#x9B8; (&#x9AA;&#x9BE;&#x995;&#x9BF;&#x9B8;&#x9CD;&#x9A4;&#x9BE;&#x9A8; &#x9B6;&#x9BE;&#x996;&#x9BE;), </subfield>
    <subfield code="c">&#x9E7;&#x9EF;&#x9EC;&#x9EE; </subfield>
  </datafield>
  <datafield tag="300" ind1=" " ind2=" ">
    <subfield code="a">[&#x9E8;&#x9E6;], &#x9E9;&#x9E8;&#x9EE; &#x9AA;&#x9C3;. ; </subfield>
    <subfield code="c">&#x9E8;&#x9E7; &#x9B8;&#x9C7;&#x9AE;&#x9BF;. </subfield>
  </datafield>
  <datafield tag="600" ind1=" " ind2=" ">
    <subfield code="a">&#x996;&#x9BE;&#x9A8;,  &#x9AE;&#x9C1;&#x9B9;&#x9AE;&#x9CD;&#x9AE;&#x9A6; &#x986;&#x987;&#x9AF;&#x9BC;&#x9C1;&#x9AC;,  </subfield>
    <subfield code="c">&#x9B0;&#x9BE;&#x9B7;&#x9CD;&#x99F;&#x9CD;&#x9B0;&#x9AA;&#x9A4;&#x9BF;</subfield>
    <subfield code="z">&#x9AA;&#x9BE;&#x995;&#x9BF;&#x9B8;&#x9CD;&#x9A4;&#x9BE;&#x9A8; </subfield>
    <subfield code="x">&#x99C;&#x9C0;&#x9AC;&#x9A8;&#x9C0;</subfield>
    <subfield code="9">236508</subfield>
  </datafield>
  <datafield tag="600" ind1=" " ind2=" ">
    <subfield code="a">Khan, Muhammad Ayub,</subfield>
    <subfield code="c">President </subfield>
    <subfield code="z">Pakistan</subfield>
    <subfield code="x">Biography</subfield>
    <subfield code="9">236509</subfield>
  </datafield>
  <datafield tag="650" ind1=" " ind2=" ">
    <subfield code="a">&#x9B0;&#x9BE;&#x9B7;&#x9CD;&#x99F;&#x9CD;&#x9B0;&#x9AA;&#x9A4;&#x9BF;</subfield>
    <subfield code="z">&#x9AA;&#x9BE;&#x995;&#x9BF;&#x9B8;&#x9CD;&#x9A4;&#x9BE;&#x9A8; </subfield>
    <subfield code="9">165816</subfield>
    <subfield code="x">&#x99C;&#x9C0;&#x9AC;&#x9A8;&#x9C0;</subfield>
  </datafield>
  <datafield tag="650" ind1=" " ind2=" ">
    <subfield code="a">President</subfield>
    <subfield code="z">Pakistan </subfield>
    <subfield code="9">165817</subfield>
    <subfield code="x">Biography</subfield>
  </datafield>
  <datafield tag="700" ind1=" " ind2=" ">
    <subfield code="a">&#x986;&#x9B9;&#x9B8;&#x9BE;&#x9A8;,  &#x9B8;&#x9C8;&#x9AF;&#x9BC;&#x9A6; &#x986;&#x9B2;&#x9C0;, &#x985;&#x9A8;&#x9C1;&#x9AC;&#x9BE;&#x9A6;&#x995; &#x9A4;&#x9A4;&#x9CD;&#x9A4;&#x9CD;&#x9AC;&#x9BE;&#x9AC;&#x9A7;&#x9BE;&#x9AF;&#x9BC;&#x995;</subfield>
    <subfield code="9">236510</subfield>
  </datafield>
  <datafield tag="942" ind1=" " ind2=" ">
    <subfield code="2">ddc</subfield>
    <subfield code="c">BK</subfield>
  </datafield>
  <datafield tag="999" ind1=" " ind2=" ">
    <subfield code="c">55668</subfield>
    <subfield code="d">55668</subfield>
  </datafield>
  <datafield tag="952" ind1=" " ind2=" ">
    <subfield code="0">0</subfield>
    <subfield code="1">0</subfield>
    <subfield code="2">ddc</subfield>
    <subfield code="4">0</subfield>
    <subfield code="7">1</subfield>
    <subfield code="8">RARE</subfield>
    <subfield code="a">RUCL</subfield>
    <subfield code="b">RUCL</subfield>
    <subfield code="c">Rare</subfield>
    <subfield code="d">1970-06-04</subfield>
    <subfield code="e">Dacca, Nowrose Kitabisthan</subfield>
    <subfield code="g">7.50</subfield>
    <subfield code="l">0</subfield>
    <subfield code="o">BRA 923.1549  KHP 1968</subfield>
    <subfield code="r">2016-11-21 00:00:00</subfield>
    <subfield code="t">C-1</subfield>
    <subfield code="w">2021-12-09</subfield>
    <subfield code="y">RAR</subfield>
  </datafield>
  <datafield tag="952" ind1=" " ind2=" ">
    <subfield code="0">0</subfield>
    <subfield code="1">0</subfield>
    <subfield code="2">ddc</subfield>
    <subfield code="4">0</subfield>
    <subfield code="7">0</subfield>
    <subfield code="8">NFIC</subfield>
    <subfield code="a">RUCL</subfield>
    <subfield code="b">RUCL</subfield>
    <subfield code="c">Stack</subfield>
    <subfield code="d">1970-06-04</subfield>
    <subfield code="e">Dacca, Nowrose Kitabisthan</subfield>
    <subfield code="g">7.50</subfield>
    <subfield code="l">0</subfield>
    <subfield code="o">B 923.1549  KHP 1968</subfield>
    <subfield code="r">2019-12-07 00:00:00</subfield>
    <subfield code="t">C-2</subfield>
    <subfield code="w">2021-12-09</subfield>
    <subfield code="y">BK</subfield>
  </datafield>
</record>
